| 000 | 00000nas 2200000za 4500 |
| 001 | 9.500525 |
| 003 | CaOODSP |
| 005 | 20221107132858 |
| 007 | cr ||||||||||| |
| 008 | 150406c19969999onc x p o||||f0 |0eng|d |
| 022 | |a1493-9614 |
| 040 | |aCaOODSP|beng |
| 041 | 0 |aeng|afre |
| 043 | |an-cn--- |
| 086 | 1 |aYC26-PDF |
| 110 | 1 |aCanada. |bParliament. |bSenate. |bStanding Committee on Energy, the Environment and Natural Resources. |
| 245 | 10|aProceedings of the Standing Senate Committee on Energy, the Environment and Natural Resources |h[electronic resource] = |bDélibérations du Comité sénatorial permanent de l'énergie, de l'environnement et des ressources naturelles. |
| 246 | 11|aDélibérations du Comité sénatorial permanent de l'énergie, de l'environnement et des ressources naturelles |
| 260 | |aOttawa :|bSenate, |c1996- |
| 310 | |aIrregular |
| 362 | 0 |a35th Parliament, 2nd session, issue no. 1 (Mar. 26/Apr. 30, 1996)- |
| 515 | |aNumbering begins each session with issue no. 1. |
| 546 | |aText in English and French. |
| 792 | |tProceedings of the Standing Senate Committee on Energy, the Environment and Natural Resources |efre|w(CaOODSP)9.500526 |